Które miasto w Polsce? - Statystyki

Ogólne statystyki
  • Ten quiz został rozwiązany 19 razy
  • Średni wynik to 15 z 20
Statystyki odpowiedzi
Podpowiedź Litera Miasto % Poprawnych
Największe 3-literowe miasto E Ełk
100%
Pierwsza stolica Polski G Gniezno
100%
Urodził się tam Mikołaj Kopernik T Toruń
100%
Stolica Polski W Warszawa
100%
Największe miasto na Półwyspie Helskim H Hel
95%
Największe miasto Górnego Śląska K Katowice
95%
Znajduje się tam największy zamek w Polsce jak i w całej Europie M Malbork
95%
Największe miasto na literę G G Gdańsk
89%
Największe miasto województwa małopolskiego które nie jest stolicą T Tarnów
89%
Nagrywane były tam "Lombard. Życie pod zastaw", czy "Świat według Kiepskich" W Wrocław
89%
Podzielone między Polskę a Czechy między rzekę Olzę C Cieszyn
84%
Najbardziej wysunięte na południe Z Zakopane
84%
Znajduje się tam Energylandia Z Zator
84%
Znane z przemysłu włókienniczego Ł Łódź
74%
Kończy się na literę P G Gołdap
68%
Jego prezydentem jest Agata Wojda K Kielce
58%
Jest oddzielone Odrą od niemieckiego miasta Frankfurt nad Odrą S Słubice
58%
Najstarsze miasto w Polsce Z Złotoryja
47%
Pochodzi stamtąd Dawid Jasper P Pabianice
16%
W zeszłym roku doszło tam do pożaru składowiska odpadów, co rozpoczęło serię pożarów w Polsce np. w hali magazynowej w Warszawie S Siemianowice Śląskie
11%
Nie znaleziono quizów pasujących do podanych kryteriów
Rozkład punktacji
Procent ludzi z każdym wynikiem
Percentyl według liczby udzielonych odpowiedzi
Twoja historia wyników
Nie rozwiązałeś tego quizu